000
00326nam a2200157Ia 4500
003
OSt
008
191201s2001 xx 000 0 und d
082
_a
005.133
_b
MCU
100
_a
MCGREGOR, Rob
245
0
_a
Using C++
250
_a
2nd
260
_a
N.Delhi
_b
PHI
_c
2001
300
_a
889
650
_a
MBA
942
_2
ddc
_c
BK
999
_c
3166
_d
3166